00946ntm a22002297a 450000500170000000800410001704000280005808200170008624501290010326000100023230000400024250001860028259000100046865000440047865300230052265500090054570000270055477700090058194200080059099900170059895201010061520170813140807.0170802s2013 xx a frb 000 0 eng d aEG-ScBUEbengcEG-ScBUE04222a621bDES00aDesigning of an energy efficient small reverse osmosis underground water desalination plant /cAmr Mohamed Fathi...[et al.]. c2013. avii, 33 p. :bill. (col.) ;c28 cm. aA design group submitted to the Faculty of engineering, the British University in Egypt,in partial fulfillment of the requirement for the bachelor degree in mechanical engineering  anagwa 72BUEshaMechanical EngineeringvProjects bENGMECcAugust2017 vSPRO1 aAbbdel kader,Amr.ethe ASPRO 2ddc c25265d25237 00102ddc4070aMAINbMAINc2NDd2017-08-08l0o621 FATp000046702r2025-07-15 00:00:00yPROJST